| 000 | 01227ngm a22003490a 4500 | ||
|---|---|---|---|
| 001 | PT25327 | ||
| 003 | AR-LpoUNG | ||
| 005 | 20210202000353.0 | ||
| 007 | vd cvaizq | ||
| 008 | 191001s2006||||ag |||||||||||||||||spa d | ||
| 037 | _c$7.65 | ||
| 040 |
_aAR-LpoUNG _bspa _cAR-LpoUNG _eaacr |
||
| 041 |
_aspa _aeng _apor |
||
| 044 | _aag | ||
| 082 | 0 | _a306.1 976put | |
| 100 | 1 |
_aPuenzo, Luis _edir. |
|
| 245 | 1 | 3 | _aLa puta y la ballena |
| 260 |
_aSan Luis : _bAVH, _c2006. |
||
| 300 | _aDVD (130 min.) : son., col. | ||
| 505 | 0 | _aDíalogo en castellano, subtítulos en inglés. | |
| 505 | 0 | _aFecha de estreno abril de 2004 | |
| 520 | _aSin saber cuándo ni cómo, Vera perdió el paso: está varada. Por eso se separa, por eso acepta escribir los epígrafes para las fotos de un argentino muerto en la Guerra Civil Española, y elige escaparse de España con un bulto en el pecho y hacerse una masteoctomía en Buenos Aires. Porque en Madrid se sentiría tan sola como acá, aunque allá tenga un hijo. | ||
| 650 | 4 | _aARGENTINA | |
| 650 | 4 | _aDRAMA | |
| 650 | 4 | _aRELACIONES HUMANAS | |
| 651 | 4 | _aArgentina | |
| 653 | _aCINE ARGENTINO | ||
| 653 | _aDVD | ||
| 653 | _aVIDEOS | ||
| 905 | _a25327 | ||
| 942 | _cDVD | ||
| 999 |
_c54734 _d54734 |
||